000 00481nam a22001817a 4500
003 MPLRDC
005 20220104124612.0
008 210129b ||||| |||| 00| 0 eng d
020 _a7-5358-0822-0
082 _a859.6 JXGS v.3
100 _a晨光等 译写
245 _a世界惊险故事. 三
_c张月明等 画
250 _a一版一刷
260 _a
_b湖南少年儿童出版社
_c1993
300 _b
650 _a儿童故事--漫画
942 _cBK
_o859.6 JXGS v.3
999 _c20644
_d20634